000 00696nam a2200181 i 4500
001 40070
003 ES-MaACL
005 20230906160133.0
007 t|
008 030305s1913 sp ||||1| spa d
100 1 _aCañizares, Baldomero L.
_934756
245 1 0 _aMemoria acerca del estado del Instituto General y Técnico de Guipúzcoa durante el curso de 1911 a 1912 /
_cBaldomero L. Cañizares.
260 _aSan Sebastian :
_b[s.n.,
_c1913] (
_fImp. Hijos de J. Baroja)
300 _a55 p. , [1] h. pleg. ;
_c23 cm.
610 2 4 _aInstituto General y Técnico de Guipúzcoa-
_vMemorias.
_9155800
710 0 _aInstituto General y Técnico de Guipúzcoa.
_95065
852 _aES-MaACL
_jT-1379-F-1
999 _c40070
_d40070